00883 a2200229 450000500170000000800410001702000150005802000180007304000480009104100080013910000220014724501060016926000750027530000210035050400530037165000480042465000300047265000310050265000300053365000320056365000580059520140903175028.0140214s2004 xxu fr 001 0deng d a0804748713 a9780804748711 aCO-BoUCMbspacJose A. GerenadHenry Ríos aeng1 aRuggiero, Kristin10aModernity in the fleshbmedicine, law, and society in turn-of-the-century ArgentinacKristin Ruggiero c2004bStanford University pressaStanford (California, Estados Unidos) ax, 244 páginas aIncluye referencias bibliográficas e índices 7aCuerpo humanoxAspectos socialesyArgentina 7aDegeneraciónyArgentina 7aMedicina socialzArgentina 7aControl socialzArgentina 7aCrimenxHistoriazArgentina 7aCuerpo humanoxAspectos morales y éticoszArgentina